European Animals - Statistics

General Stats
  • This quiz has been taken 33 times
  • The average score is 11 of 31
Answer Stats
Hint Answer % Correct
Fierce, tusked pig ancestor found in forests Wild Boar
88%
Black and white face, aggressive European Badger
79%
Tiny, spiny mammal that rolls into a ball European Hedgehog
79%
Massive predator once widespread, still survives in mountain ranges Brown Bear
75%
Reintroduced dam builder with powerful jaws Eurasian Beaver
58%
Sleek swimmer with webbed feet, loves rivers and fish European Otter
54%
Europe's only venomous snake, zigzag back Adder
50%
Silent forest wildcat with ear tufts and a short tail Eurasian Lynx
50%
Largest land animal in Europe, shaggy and strong European Bison/Wisent
50%
Nearly blind, but a master at tunneling European Mole
46%
Endangered cat with ear tufts and a spotted pelt found within Iberia Iberian Lynx
46%
Common fluffy-eared acrobat, threatened by invasive cousins Red Squirrel
42%
Mountain goat with massive curved horns Alpine Ibex
38%
Small and delicate, males have short, branched antlers Roe Deer
38%
Looks like a tabby but wilder and stockier European Wildcat
33%
Tall, elegant bird with a dancing mating ritual Common Crane
29%
Tall wader, famous for nesting on chimneys White Stork
29%
Heart-shaped face and silent nighttime flier Barn Owl
25%
Huge owl with bright orange eyes and feather tufts Eurasian Eagle-Owl
25%
Striking black and yellow amphibian Fire Salamander
25%
Bigger and wilder rodents than its pet store cousins European Hamster
21%
Majestic raptor of open landscapes and mountains, national bird of Germany Golden Eagle
21%
Agile tree-dwelling small mustelid with a cream colored chest Pine Marten
17%
Wading bird with a flat, spoon-shaped bill European Spoonbill
13%
Goat-antelope with sharp hooves for rocky slopes Chamois
8%
The ferret's wild cousin, strong musk scent European Polecat
8%
Tiny amphibian with a jagged crest and spotted belly Great Crested Newt
8%
Odd-nosed antelope once found in Europe's Ice Age steppes Saiga Antelope
8%
Sun-loving climbing lizard seen on stone walls and ruins Wall Lizard
8%
Large forest bird, males perform booming courtship displays Western Capercaillie
4%
An arachnid that jumps like a cat, hunts without a web, found on flowers and grass Lynx Spider
0%
No matching quizzes found
Score Distribution
Percent of People with Each Score
Percentile by Number Answered
Your Score History
You have not taken this quiz